000 00916nam a22002897a 4500
001 2454482
003 OSt
005 20210421080425.0
008 890913s1990 nyua 001 0 eng
010 _a 89036711
020 _a0895773457
040 _aDLC
_cDLC
_dDLC
_beng
041 _aeng
050 0 0 _aBF145
_b.A23 1990
080 _a15
_bG-94
082 0 0 _a150
_220
100 _91110
_aGuinness, E. Alma
_eEditor
245 0 0 _aABC's of the human mind
_ba family answer book.
_c/ by: Reader's Digest Association
260 _aPleasantville, N.Y.
_bReader's Digest Association
_cc1990.
300 _a336 p.
_bill. (some col.) ;
_c29 cm.
365 _b23.97 usd
650 0 _aPsychology
_xMiscellanea.
653 _aფსიქოლოგია
906 _a7
_bcbc
_corignew
_d1
_eocip
_f19
_gy-gencatlg
942 _2udc
_cBK
999 _c1697
_d1697